Robert Forster Filmography - Statistics

General Stats
  • This quiz has been taken 30 times
    13 since last reset
  • The average score is 103 of 207
Answer Stats
Type Year Name % Correct
Film 1997 Jackie Brown
100%
Film 1998 Psycho
100%
TV Show 2008 The Simpsons
100%
Film 2017 Acts of Vengeance
75%
Film 1980 Alligator
75%
Film 2014 Autómata
75%
Film 1978 Avalanche
75%
TV Show 2020 Better Call Saul
75%
TV Show 2013 Breaking Bad
75%
TV Show 2007 Desperate Housewives
75%
Film 2019 El Camino: A Breaking Bad Movie
75%
Film 2016 London Has Fallen
75%
TV Film 1999 Mullholland Dr.
75%
TV Show 1986, 1995 Murder, She Wrote
75%
TV Show 1967 N.Y.P.D.
75%
Film 2013 Olympus Has Fallen
75%
TV Film 1998 Rear Window
75%
Film 1967 Reflections in a Golden Eye
75%
Film 2017 Small Crimes
75%
Film 2017 Small Town Crime
75%
TV Show 2014, 2015 Teenage Mutant Ninja Turtles
75%
Film 1986 The Delta Force
75%
Film 2000 The Magic of Marciano
75%
Film 2009 Thick as Thieves
75%
TV Show 2017 Twin Peaks
75%
TV Show 1995, 1997 Walker, Texas Ranger
75%
Short Film 2003 Where's Angelo?
75%
TV Pilot 2006 13 Graves
50%
Film 1991 29th Street
50%
TV Show 2012 Alcatraz
50%
Web Series 2020 Amazing Stories
50%
Film 1997 American Perfekt
50%
Film 1993 American Yakuza
50%
TV Show 2007 Army Wives
50%
Theater 1967, 1973 A Streetcar Named Desire
50%
TV Show 2015 Backstrom
50%
TV Show 1971-1973 Banyon
50%
Film 2018 Bigger
50%
TV Film 2005 Bounty Hunters
50%
Film 2016 Bus Driver
50%
Film 2003 Charlie's Angels: Full Throttle
50%
TV Film 1990 Checkered Flag
50%
TV Show 2015 Childrens Hospital
50%
Film 2007 Cleaner
50%
TV Show 2004 Clubhouse
50%
Film 2013 Coffee, Kill Boss
50%
Film 1991 Committed
50%
Film 2003 Confidence
50%
Film 1988 Counterforce
50%
Film 1970 Cover Me Babe
50%
Film 1993 Cover Story
50%
Film 2000 Cowboys and Angels
50%
TV Show 2011 CSI: NY
50%
Film 2018 Damsel
50%
Film 1997 Demolition University
50%
Film 2000 Diamond Men
50%
Film 1991 Diplomatic Immunity
50%
TV Show 2016 Divorce
50%
TV Film 2002 Due East
50%
Film 2007 D-War
50%
Film 2008 Expecting Love
50%
TV Show 2009 Expecting Love
50%
Film 1999 Family Tree
50%
TV Show 2002, 2003 Fastlane
50%
Film 2001 Finder's Fee
50%
Film 2006 Firewall
50%
Film 2009 Ghosts of Girlfriends Past
50%
Film 2011 Girl Walks into a Bar
50%
TV Show 2000 Godzilla: The Series
50%
TV Show 1981 Goliath Awaits
50%
Short Film 2007 Grampa's Cabin
50%
Film 2003 Grand Theft Parsons
50%
Film 2021 Grave Intentions
50%
Film 1995 Guns and Lipstick
50%
Film 1981 Heartbreak High
50%
TV Show 2007-2008 Heroes
50%
Film 1986 Hollywood Harry
50%
Short Film 2015 Home
50%
TV Show 1987 Hotel
50%
Film 2012 Hotel Noir
50%
TV Show 2004-2005 Huff
50%
Film 2001 Human Nature
50%
TV Show 2017 I'm Dying Up Here
50%
Film 1991 In Between
50%
TV Film 1992 In the Shadow of a Killer
50%
TV Show 2014 Intruders
50%
TV Show 2013 Ironside
50%
Short Film 2000 It's a Shame About Ray
50%
Film 1999 It's the Rage
50%
Film 2008 Jack and Jill vs. the World
50%
TV Show 1991 Jake and the Fatman
50%
Film 1972 Journey Through Rosebud
50%
TV Show 1968 Judd, for the Defense
50%
TV Show 2005 Justice League Unlimited
50%
Film 1969 Justine
50%
Film 2010 Kalamity
50%
TV Show 2003-2004 Karen Sisco
50%
Film 1999 Kiss Toledo Goodbye
50%
Film 2000 Lakeboat
50%
TV Show 2012-2018 Last Man Standing
50%
Film 2002 Like Mike
50%
TV Film 2001 Like Mother Like Son: The Strange Story of Sante and Kenny Kimes
50%
Film 2002 Lone Hero
50%
Film 2006 Lucky Number Slevin
50%
TV Show 1985 Magnum, P.I.
50%
TV Show 1975 Medical Story
50%
Film 1969 Medium Cool
50%
Film 2000 Me, Myself & Irene
50%
Film 2009 Middle Men
50%
Theater 1965 Mrs. Dally Has a Lover
50%
Film 2001 Mulholland Dr.
50%
TV Film 2002 Murder in Greenwich
50%
TV Show 1974 Nakia
50%
Film 2018 Nasty
50%
Film 1997 Night Vision
50%
TV Show 2013 NTSF:SD:SUV::
50%
TV Show 2006 NUMB3RS
50%
TV Show 1987 Once a Hero
50%
TV Show 1995 One West Waikiki
50%
Film 1996 Original Gangstas
50%
Film 1998 Outside Ozona
50%
Film 1990 Peacemaker
50%
Short Film 2018 Phil
50%
Film 1970 Pieces of Dreams
50%
Film 1994 Point of Seduction: Body Chemistry III
50%
TV Show 1975-1977 Police Story
50%
TV Show 1968 Premiere
50%
TV Show 1991 P.S. I Luv U
50%
Documentary 2019 QT8: The First Eight
50%
Short Film 2010 Red Princess Blues
50%
Film 2007 Rise: Blood Hunter
50%
Short Film 2015 Run Fast
50%
Film 1990 Satan's Princess
50%
Film 1995 Scanners: The Showdown
50%
TV Film 1993 Sex, Love and Cold Hard Cash
50%
TV Show 1993 Silk Stalkings
50%
Film 2013 Somewhere Slow
50%
Film 1993 South Beach
50%
TV Film 1978 Standing Tall
50%
TV Show 2003 Street Time
50%
Film 1977 Stunts
50%
Film 2000 Supernova
50%
Film 2015 Survivor
50%
TV Show 1986 Tales from the Darkside
50%
Film 2015 The Adventures of Biffle and Shooster
50%
Film 2016 The American Side
50%
Film 1989 The Banker
50%
Web Series 2010 The Bannen Way
50%
Short Film 2015 The Biffle Murder Case
50%
Film 2018 The Big Take
50%
Film 1979 The Black Hole
50%
Short Film 2015 The Bridge Partner
50%
Film 2017 The Case for Christ
50%
TV Pilot 1977 The City
50%
Film 2016 The Confirmation
50%
TV Film 1979 The Darker Side of Terror
50%
TV Film 1974 The Death Squad
50%
Film 2011 The Descendants
50%
Film 1973 The Don Is Dead
50%
TV Mini-Series 2004 The Grid
50%
TV Film 2005 The Hunt for the BTK Killer
50%
Film 1979 The Lady in Red
50%
Film 1996 The Method
50%
Short Film 2015 The Program
50%
Film 1968 The Stalking Moon
50%
Film 2010 The Trial
50%
Film 2020 The Wolf of Snow Hollow
50%
TV Show 2005 Tilt
50%
TV Show 1999 Todd McFarlane's Spawn
50%
Film 2015 Too Late
50%
Film 2008 Touching Home
50%
TV Show 2012 Transformers: Prime
50%
Film 1996 Uncle Sam
50%
TV Film 2003 Undefeated
50%
Film 1983 Vigilante
50%
Film 1985 Walking the Edge
50%
Film 2018 What They Had
50%
Film 2006 Wild Seven
50%
Music Video 2010 Blood Like Lemonade
25%
Theater 2017 Chasing Mem'ries
25%
Film 1989 Countdown to Esmeralda Bay
25%
TV Show 1987, 1988 Crossbow
25%
Audiobook 2004 Double Play
25%
TV Show 1976 Gibbsville
25%
Theater 1970 Guys and Dolls
25%
TV Show 1989 Jesse Hawkes
25%
Short Film 2011 Killer on the Loose
25%
Film 1993 Maniac Cop III: Badge of Silence
25%
TV Pilot 1989 Mick and Frankie
25%
Theater 1970 Operation Sidewinder
25%
Theater 1969 Ring Round the Moon
25%
TV Film 1976 Royce
25%
Film 1995 Scanner Cop II
25%
Film 2002 Strange Hearts
25%
TV Show 1987-1988 The Adventures of William Tell
25%
Theater 1969 The Caucasian Chalk Circle
25%
Theater 1969 The Cherry Orchard
25%
Theater 1976 The Sea Horse
25%
TV Show 2012 The Soul Man
25%
Theater 1969 The Three Penny Opera
25%
TV Mini-Series 2008 Would Be Kings
25%
TV Show 2015 You'll Be Fine
25%
Documentary 2010 American Grindhouse
0%
Theater 2007 Darwin's Nightmare
0%
Documentary Series 2008 Heroes Unmasked
0%
Documentary 2013 Never the Same: The Prisoner-of-War Experience
0%
Short Film 2001 The A-List
0%
No matching quizzes found
Score Distribution
Percent of People with Each Score
Percentile by Number Answered
Your Score History
You have not taken this quiz since the last reset